[Event "Mecklenburg VP-ch Seniors"]
[Site "Greifswald"]
[Date "2025.03.16"]
[Round "7"]
[White "Dettmann, Holger"]
[Black "Moeller, Peter"]
[Result "0-1"]
[WhiteElo "1972"]
[BlackElo "2099"]
[PlyCount "142"]
[EventDate "2025.03.10"]
[EventType "swiss"]
[EventRounds "7"]
[EventCountry "GER"]
[SourceTitle "CB13_2025"]
[SourceDate "2025.03.26"]
[SourceVersion "1"]
[SourceVersionDate "2025.03.26"]
[SourceQuality "1"]

1. d4 d5 2. c4 c6 3. Nc3 Nf6 4. Nf3 dxc4 5. g3 Bf5 6. Bg2 h6 7. Ne5 e6 8. Nxc4 Be7 9. 0-0 Nbd7 10. e4 Bg4 11. Qd3 b5 12. Nd2 Bh5 13. Qe3 Nb6 14. h3 b4 15. Ncb1 0-0 16. g4 Bg6 17. Nb3 a5 18. N1d2 Qc7 19. Rd1 Nfd7 20. d5 Bg5 21. Qe2 cxd5 22. exd5 Nxd5 23. Nf3 Bf6 24. Nbd4 Rac8 25. Be3 Qc4 26. Qd2 Nxe3 27. fxe3 Ne5 28. Nxe5 Bxe5 29. Bf1 Qd5 30. Bg2 Qd6 31. Rac1 Rxc1 32. Qxc1 Rd8 33. Rd2 Qc7 34. Qd1 Qb6 35. Kh1 Bb8 36. Nf3 Rxd2 37. Qxd2 Qc7 38. Kg1 Be4 39. Ne1 Bxg2 40. Qxg2 Qg3 41. Qxg3 Bxg3 42. Nd3 Bd6 43. Kf2 Kf8 44. b3 Ke7 45. Kf3 f5 46. gxf5 exf5 47. e4 Kf6 48. exf5 Kxf5 49. Nb2 g5 50. Nc4 Bc7 51. Ne3+ Kg6 52. Nd5 Bd8 53. Ne3 h5 54. Nc4 Kf5 55. Nd6+ Ke6 56. Ne4 Kd5 57. Ng3 Kd4 58. Ke2 h4 59. Nf5+ Kc3 60. Kd1 Kb2 61. Nd4 Kxa2 62. Kc2 Bb6 63. Ne2 Be3 64. Kd3 Bf4 65. Nd4 Be5 66. Nc6 Bc7 67. Nd4 g4 68. hxg4 h3 69. Nf3 h2 70. Nxh2 Bxh2 71. Ke4 Bd6 0-1

[Event "Mecklenburg VP-ch Seniors"]
[Site "Greifswald"]
[Date "2025.03.15"]
[Round "6"]
[White "Moeller, Peter"]
[Black "Onasch, Gunnar"]
[Result "1-0"]
[WhiteElo "2099"]
[BlackElo "1932"]
[PlyCount "49"]
[EventDate "2025.03.10"]
[EventType "swiss"]
[EventRounds "7"]
[EventCountry "GER"]
[SourceTitle "CB13_2025"]
[SourceDate "2025.03.26"]
[SourceVersion "1"]
[SourceVersionDate "2025.03.26"]
[SourceQuality "1"]

1. d4 d5 2. Bf4 Nf6 3. e3 e6 4. Nf3 Bd6 5. Bg3 0-0 6. Nbd2 c5 7. c3 Nc6 8. Bd3 b6 9. Qe2 Bb7 10. Rd1 Bxg3 11. hxg3 cxd4 12. exd4 Re8 13. Ne5 g6 14. g4 Re7 15. Qe3 Nxe5 16. dxe5 Nd7 17. Qh6 f6 18. Bxg6 Rg7 19. Bxh7+ Kf7 20. Nf3 Nxe5 21. Qh5+ Ke7 22. Nxe5 fxe5 23. Qxe5 Qh8 24. Rh6 Rxh7 25. Rxh7+ 1-0

[Event "Mecklenburg VP-ch Seniors"]
[Site "Greifswald"]
[Date "2025.03.14"]
[Round "5"]
[White "Weimann, Olaf"]
[Black "Moeller, Peter"]
[Result "0-1"]
[WhiteElo "1720"]
[BlackElo "2099"]
[PlyCount "68"]
[EventDate "2025.03.10"]
[EventType "swiss"]
[EventRounds "7"]
[EventCountry "GER"]
[SourceTitle "CB13_2025"]
[SourceDate "2025.03.26"]
[SourceVersion "1"]
[SourceVersionDate "2025.03.26"]
[SourceQuality "1"]

1. d4 Nf6 2. Bf4 d5 3. e3 c5 4. c3 Nc6 5. Nd2 Bf5 6. Ngf3 e6 7. Qb3 Qc8 8. Be2 c4 9. Qd1 h6 10. h3 b5 11. b4 a5 12. a3 Be7 13. Ne5 0-0 14. g4 Be4 15. f3 Bh7 16. g5 hxg5 17. Bxg5 Nh5 18. Bxe7 Nxe7 19. Rg1 Nf5 20. Kf2 Qd8 21. Rg4 Nh6 22. Qg1 Nxg4+ 23. Qxg4 Nf6 24. Qg3 axb4 25. cxb4 Qc7 26. Qg5 Ne8 27. Qg2 f6 28. Ng4 Kh8 29. f4 Nd6 30. h4 Ne4+ 31. Nxe4 Bxe4 32. Bf3 Bh7 33. h5 c3 34. h6 g6 0-1

[Event "Mecklenburg VP-ch Seniors"]
[Site "Greifswald"]
[Date "2025.03.13"]
[Round "4"]
[White "Moeller, Peter"]
[Black "Dettmann, Gerd"]
[Result "1/2-1/2"]
[WhiteElo "2099"]
[BlackElo "2107"]
[PlyCount "57"]
[EventDate "2025.03.10"]
[EventType "swiss"]
[EventRounds "7"]
[EventCountry "GER"]
[SourceTitle "CB13_2025"]
[SourceDate "2025.03.26"]
[SourceVersion "1"]
[SourceVersionDate "2025.03.26"]
[SourceQuality "1"]

1. d4 Nf6 2. Bf4 d5 3. e3 c5 4. Nc3 e6 5. Nb5 Na6 6. c3 Be7 7. h3 0-0 8. Nf3 Bd7 9. a4 c4 10. b3 Qa5 11. bxc4 Bxb5 12. axb5 Qxc3+ 13. Nd2 Nb4 14. Rc1 Nd3+ 15. Bxd3 Qxd3 16. Qc2 dxc4 17. Qxc4 Qxc4 18. Rxc4 Rfc8 19. Ke2 Rxc4 20. Nxc4 Rc8 21. Kd3 Nd5 22. Ra1 a6 23. bxa6 bxa6 24. Bd6 Bxd6 25. Nxd6 Nb4+ 26. Ke4 Rc6 27. Nb7 f5+ 28. Kf3 Rb6 29. Nc5 1/2-1/2

[Event "Mecklenburg VP-ch Seniors"]
[Site "Greifswald"]
[Date "2025.03.11"]
[Round "2"]
[White "Moeller, Peter"]
[Black "Krueger, Horst"]
[Result "1/2-1/2"]
[WhiteElo "2099"]
[BlackElo "1953"]
[PlyCount "109"]
[EventDate "2025.03.10"]
[EventType "swiss"]
[EventRounds "7"]
[EventCountry "GER"]
[SourceTitle "CB13_2025"]
[SourceDate "2025.03.26"]
[SourceVersion "1"]
[SourceVersionDate "2025.03.26"]
[SourceQuality "1"]

1. d4 d5 2. Bf4 Nf6 3. e3 e6 4. Nd2 Bd6 5. Bg3 0-0 6. Bd3 c5 7. c3 Nc6 8. Ngf3 Re8 9. Ne5 c4 10. Bc2 Qc7 11. Nxc6 bxc6 12. Bxd6 Qxd6 13. f4 Rb8 14. b4 cxb3 15. axb3 c5 16. 0-0 cxd4 17. exd4 Qb6 18. Kh1 Bb7 19. Qf3 Rbc8 20. Rfe1 Rc7 21. b4 Rec8 22. Re3 g6 23. Nb3 Ne4 24. Nc5 Nxc5 25. bxc5 Qb2 26. Qd1 Ba8 27. Rb1 Qa2 28. Qc1 Rb7 29. Rxb7 Bxb7 30. Re1 Ba6 31. Qb1 Qc4 32. Qb4 Qa2 33. Qa4 Qxa4 34. Bxa4 Kf8 35. Rb1 Ke7 36. g3 Kd8 37. Kg2 Kc7 38. Kf3 h6 39. Rb4 Rf8 40. g4 f5 41. Bc2 fxg4+ 42. Kxg4 Be2+ 43. Kg3 g5 44. fxg5 hxg5 45. Rb3 Rf3+ 46. Kg2 g4 47. Ra3 a6 48. Bh7 Bf1+ 49. Kg1 Bh3 50. Ra1 Rxc3 51. Rxa6 Rf3 52. Ra1 Rf4 53. Rd1 Kd7 54. Bd3 Kc6 55. Bc2 1/2-1/2

[Event "Mecklenburg VP Landesliga Ost 1920"]
[Site "Mecklenburg VP"]
[Date "2019.09.29"]
[Round "1.1"]
[White "Moeller, Peter"]
[Black "Alder, Bodo"]
[Result "1-0"]
[WhiteElo "2051"]
[BlackElo "1998"]
[PlyCount "43"]
[EventDate "2019.09.29"]
[EventType "team-tourn"]
[EventRounds "9"]
[EventCountry "GER"]
[SourceTitle "EXT 2023"]
[Source "ChessBase"]
[SourceDate "2022.10.05"]
[SourceVersion "1"]
[SourceVersionDate "2022.10.05"]
[SourceQuality "1"]
[WhiteTeam "Rostock HSG Uni"]
[BlackTeam "Ruegen Binz Therme"]
[WhiteTeamCountry "GER"]
[BlackTeamCountry "GER"]

1. d4 Nf6 2. Bf4 d6 3. Nc3 Nbd7 4. Nf3 c5 5. d5 g6 6. e4 a6 7. a4 Bg7 8. Qd2 0-0 9. Be2 Re8 10. h3 Qc7 11. 0-0 Ne5 12. Nxe5 dxe5 13. Be3 Qd6 14. a5 Bd7 15. f3 Nh5 16. Na4 Bxa4 17. Rxa4 Nf4 18. Rb1 Rab8 19. Bf1 b5 20. axb6 Rxb6 21. Qf2 Rc8 22. Ra5 1-0

[Event "Mecklenburg VP-ch op"]
[Site "Neubrandenburg"]
[Date "2018.04.28"]
[Round "2.1"]
[White "Moeller, Peter"]
[Black "Kriese, Ralf"]
[Result "1-0"]
[WhiteElo "2076"]
[BlackElo "1760"]
[PlyCount "145"]
[EventDate "2018.04.28"]
[EventType "swiss"]
[EventRounds "7"]
[EventCountry "GER"]
[SourceTitle "EXT 2023"]
[Source "ChessBase"]
[SourceDate "2022.10.05"]
[SourceVersion "1"]
[SourceVersionDate "2022.10.05"]
[SourceQuality "1"]

1. d4 d5 2. Bf4 Bf5 3. c4 dxc4 4. Nc3 Nf6 5. e3 c6 6. Bxc4 e6 7. Nf3 Nbd7 8. h3 Be7 9. Nh4 Bg6 10. Nxg6 hxg6 11. Bh2 Nb6 12. Be2 Bd6 13. Bxd6 Qxd6 14. Qb3 0-0 15. Bf3 Nbd5 16. 0-0 Nxc3 17. bxc3 b5 18. a4 a6 19. Ra2 Rab8 20. axb5 cxb5 21. c4 bxc4 22. Qxc4 Rfc8 23. Qxa6 Qxa6 24. Rxa6 Rb2 25. Ra8 Rxa8 26. Bxa8 Ra2 27. Bf3 Kf8 28. Rb1 Ra7 29. Rb5 Ke7 30. g4 Rd7 31. Kg2 Ne8 32. Kg3 Nd6 33. Ra5 Nc4 34. Rc5 Nd6 35. Kf4 Ra7 36. Bg2 Ra2 37. Kg3 Ra7 38. Kf3 Kd7 39. Kf4 Ke7 40. h4 Ra2 41. Kg3 Ra7 42. Rc2 Kf6 43. f4 Ke7 44. Rc3 Kd7 45. d5 exd5 46. Bxd5 Ke7 47. Rb3 Ra5 48. Rd3 Ra6 49. e4 Ra4 50. Re3 Ra1 51. e5 Ne8 52. Rb3 Ra7 53. Kf3 Nc7 54. Rb7 Rxb7 55. Bxb7 Ne6 56. Bd5 Nc5 57. Bc4 Nd7 58. Ke4 Nc5+ 59. Kd4 Nd7 60. h5 gxh5 61. gxh5 Nf8 62. f5 Nd7 63. Ke4 Nf8 64. Kf4 Nd7 65. Bb3 Kf8 66. Ba2 Ke7 67. e6 fxe6 68. Bxe6 Nc5 69. Kg5 Kf8 70. Kg6 Ne4 71. Ba2 Nc3 72. f6 gxf6 73. h6 1-0

[Event "Mecklenburg VP VL 1718"]
[Site "Mecklenburg VP"]
[Date "2018.01.21"]
[Round "5.1"]
[White "Rossmann, Andreas"]
[Black "Moeller, Peter"]
[Result "1/2-1/2"]
[WhiteElo "1942"]
[BlackElo "2025"]
[PlyCount "37"]
[EventDate "2017.10.08"]
[EventType "team-tourn"]
[EventRounds "9"]
[EventCountry "GER"]
[SourceTitle "EXT 2022"]
[Source "ChessBase"]
[SourceDate "2021.10.06"]
[SourceVersion "1"]
[SourceVersionDate "2021.10.06"]
[SourceQuality "1"]
[WhiteTeam "Neubrandenburg SG Eintracht"]
[BlackTeam "Rostock HSG Uni"]
[WhiteTeamCountry "GER"]
[BlackTeamCountry "GER"]

1. Nf3 d5 2. d4 c6 3. g3 Bf5 4. Bg2 e6 5. 0-0 Be7 6. b3 h6 7. Bb2 Nf6 8. Nbd2 0-0 9. Ne5 Nbd7 10. Nxd7 Qxd7 11. Nf3 Qc7 12. c4 b5 13. c5 a5 14. a3 a4 15. b4 Nd7 16. Re1 Be4 17. Bc1 Bf6 18. Bf4 Qd8 19. Ra2 1/2-1/2

[Event "Mecklenburg VP VL 1718"]
[Site "Mecklenburg VP"]
[Date "2017.10.08"]
[Round "1.1"]
[White "Ruesch, Hans Joachim"]
[Black "Moeller, Peter"]
[Result "1/2-1/2"]
[WhiteElo "1998"]
[BlackElo "2025"]
[PlyCount "68"]
[EventDate "2017.10.08"]
[EventType "team-tourn"]
[EventRounds "9"]
[EventCountry "GER"]
[SourceTitle "EXT 2022"]
[Source "ChessBase"]
[SourceDate "2021.10.06"]
[SourceVersion "1"]
[SourceVersionDate "2021.10.06"]
[SourceQuality "1"]
[WhiteTeam "Warnemuende SF Ostsee"]
[BlackTeam "Rostock HSG Uni"]
[WhiteTeamCountry "GER"]
[BlackTeamCountry "GER"]

1. d4 d5 2. c4 c6 3. Nf3 Nf6 4. Nc3 Bf5 5. cxd5 cxd5 6. Qb3 Qb6 7. Nxd5 Qxb3 8. Nxf6+ exf6 9. axb3 Bc2 10. Bd2 Bxb3 11. e4 Bd6 12. Bb5+ Nd7 13. 0-0 a6 14. Bc3 0-0-0 15. Bd3 Be6 16. Ba5 Rde8 17. h3 Nf8 18. Rfc1+ Kb8 19. Bxa6 Bf4 20. Bb5 Bd7 21. Bxd7 Nxd7 22. Re1 Rc8 23. g3 Bd6 24. Bc3 Rhe8 25. Nd2 Nb6 26. f4 Nc4 27. Nf3 Bc7 28. Kg2 Bd8 29. d5 Nd6 30. e5 Nb5 31. d6 Rc4 32. Nd2 Rc6 33. Ba5 Bxa5 34. Rxa5 Nxd6 1/2-1/2

[Event "Mecklenburg VP LL2 Ost 1617"]
[Site "Mecklenburg VP"]
[Date "2016.11.20"]
[Round "3.1"]
[White "Ryll, Detlef"]
[Black "Moeller, Peter"]
[Result "1/2-1/2"]
[WhiteElo "1764"]
[BlackElo "1962"]
[PlyCount "39"]
[EventDate "2016.10.16"]
[EventType "team-tourn"]
[EventRounds "9"]
[EventCountry "GER"]
[SourceTitle "EXT 2022"]
[Source "ChessBase"]
[SourceDate "2021.10.06"]
[SourceVersion "1"]
[SourceVersionDate "2021.10.06"]
[SourceQuality "1"]
[WhiteTeam "Rostock SSC 07 III"]
[BlackTeam "Rostock HSG Uni"]
[WhiteTeamCountry "GER"]
[BlackTeamCountry "GER"]

1. e4 c6 2. d4 d5 3. exd5 cxd5 4. Bd3 Nc6 5. c3 g6 6. Nf3 Bg7 7. 0-0 Nh6 8. Bf4 0-0 9. Nbd2 f6 10. c4 dxc4 11. Bxc4+ Kh8 12. Nb3 Nf7 13. Re1 Nd6 14. Be2 Nb4 15. a3 Nd5 16. Bc1 Be6 17. Nc5 Bg8 18. Bd3 b6 19. Ne6 Bxe6 20. Rxe6 1/2-1/2

[Event "Mecklenburg VP Cup"]
[Site "Greifswald"]
[Date "2016.06.12"]
[Round "5.2"]
[White "Lehmann, Ruben"]
[Black "Moeller, Peter"]
[Result "1/2-1/2"]
[WhiteElo "1965"]
[BlackElo "2064"]
[PlyCount "90"]
[EventDate "2016.06.10"]
[EventType "swiss"]
[EventRounds "5"]
[EventCountry "GER"]
[SourceTitle "EXT 2024"]
[Source "ChessBase"]
[SourceDate "2023.10.10"]
[SourceVersion "1"]
[SourceVersionDate "2023.10.10"]
[SourceQuality "1"]

1. d4 d6 2. Nf3 g6 3. c4 Bg7 4. Nc3 Nd7 5. e4 e5 6. dxe5 dxe5 7. Bg5 Ngf6 8. Nd5 0-0 9. Qc2 c6 10. Nxf6+ Nxf6 11. Be2 Qc7 12. 0-0 c5 13. Rad1 b6 14. Rd2 Bb7 15. Bxf6 Bxf6 16. Rfd1 Rad8 17. Rxd8 Rxd8 18. Rxd8+ Bxd8 19. Nd2 Qc6 20. Bd3 f5 21. f3 f4 22. Nb1 Qd6 23. Bf1 Qd4+ 24. Qf2 Kf7 25. Nc3 Bc6 26. Nd5 Bh4 27. Qxd4 cxd4 28. Bd3 Ke6 29. Kf1 Kd6 30. Ke2 Bd8 31. h3 h5 32. b3 Bd7 33. Kd2 a6 34. Nb4 Bc8 35. Nd5 Bd7 36. Nb4 a5 37. Nd5 Kc5 38. a3 Kd6 39. Ke2 g5 40. Kd2 g4 41. hxg4 hxg4 42. Bf1 g3 43. Be2 Kc6 44. a4 Be6 45. Kc2 Kd6 1/2-1/2

[Event "Mecklenburg VP Cup"]
[Site "Greifswald"]
[Date "2016.06.11"]
[Round "3.1"]
[White "Moeller, Peter"]
[Black "Woll, Wilfried"]
[Result "0-1"]
[WhiteElo "2064"]
[BlackElo "2129"]
[PlyCount "98"]
[EventDate "2016.06.10"]
[EventType "swiss"]
[EventRounds "5"]
[EventCountry "GER"]
[SourceTitle "EXT 2024"]
[Source "ChessBase"]
[SourceDate "2023.10.10"]
[SourceVersion "1"]
[SourceVersionDate "2023.10.10"]
[SourceQuality "1"]

1. d4 d5 2. Bf4 e6 3. e3 c5 4. c3 Bd6 5. Bg3 Nf6 6. Nd2 Nc6 7. Ngf3 0-0 8. Bd3 b6 9. Ne5 Ne7 10. Bh4 Nf5 11. Bg5 Qc7 12. Bxf6 gxf6 13. Ng4 Kg7 14. e4 cxd4 15. Rc1 Qe7 16. 0-0 dxc3 17. bxc3 Nh4 18. g3 Ng6 19. exd5 f5 20. Ne3 f4 21. Ng2 exd5 22. Nb3 Bh3 23. Re1 Qg5 24. Nd4 Rae8 25. Nf3 Qg4 26. Be2 fxg3 27. hxg3 Bxg2 28. Nh4 Rxe2 29. Qxe2 Qxe2 30. Nf5+ Kf6 31. Rxe2 Kxf5 32. Kxg2 Rc8 33. Rh1 Kf6 34. Rxh7 Rxc3 35. Rd2 Rc5 36. Rh5 d4 37. Rh1 Rc4 38. f4 Bb4 39. Rd3 Bc3 40. Kf3 b5 41. g4 Ra4 42. Rh2 b4 43. Ke4 Ra5 44. g5+ Ke6 45. Rf3 Rf5 46. Rhf2 a6 47. Rf1 Nf8 48. Rb1 Nd7 49. Kd3 Ne5+ 0-1

[Event "Mecklenburg VP Cup"]
[Site "Greifswald"]
[Date "2016.06.10"]
[Round "1.5"]
[White "Celmer, Ole"]
[Black "Moeller, Peter"]
[Result "1/2-1/2"]
[WhiteElo "1938"]
[BlackElo "2064"]
[PlyCount "93"]
[EventDate "2016.06.10"]
[EventType "swiss"]
[EventRounds "5"]
[EventCountry "GER"]
[SourceTitle "EXT 2024"]
[Source "ChessBase"]
[SourceDate "2023.10.10"]
[SourceVersion "1"]
[SourceVersionDate "2023.10.10"]
[SourceQuality "1"]

1. e4 c6 2. d4 d5 3. exd5 cxd5 4. Bd3 Nc6 5. c3 g6 6. Nf3 Bg7 7. Bf4 Nh6 8. Qc1 Bf5 9. Bb5 Ng4 10. h3 Nf6 11. Ne5 Qb6 12. a4 a6 13. Bxc6+ bxc6 14. 0-0 0-0 15. Nd2 Nd7 16. Ndf3 f6 17. Ng4 Bxg4 18. hxg4 e5 19. dxe5 fxe5 20. Be3 Qb7 21. Ng5 Rfe8 22. b4 h6 23. Nf3 Kh7 24. Qc2 Qc7 25. Nh4 e4 26. f3 Bf6 27. Bf2 Qd8 28. fxe4 Rxe4 29. Nf3 Qc7 30. Rae1 Rae8 31. Rxe4 Rxe4 32. Bd4 Ne5 33. Bxe5 Bxe5 34. Nxe5 Qxe5 35. Qf2 Qg7 36. Qb6 Rc4 37. Qxa6 Rxc3 38. Qb6 Rc4 39. a5 Qe7 40. a6 Rxb4 41. Qxc6 h5 42. Qxd5 Qe3+ 43. Kh1 Rxg4 44. Qf7+ Kh6 45. Qf8+ Kg5 46. Qf6+ Kh6 47. Qf8+ 1/2-1/2

[Event "Mecklenburg VP LL2 West 1516"]
[Site "Mecklenburg VP"]
[Date "2015.10.11"]
[Round "2.1"]
[White "Junggebauer, Thomas"]
[Black "Moeller, Peter"]
[Result "1/2-1/2"]
[WhiteElo "1977"]
[BlackElo "2072"]
[PlyCount "23"]
[EventDate "2015.09.20"]
[EventType "team-tourn"]
[EventRounds "9"]
[EventCountry "GER"]
[SourceTitle "EXT 2022"]
[Source "ChessBase"]
[SourceDate "2021.10.06"]
[SourceVersion "1"]
[SourceVersionDate "2021.10.06"]
[SourceQuality "1"]
[WhiteTeam "Wismar ASV Gruen-Weiss II"]
[BlackTeam "Rostock HSG Uni"]
[WhiteTeamCountry "GER"]
[BlackTeamCountry "GER"]

1. e4 g6 2. d4 c6 3. Nc3 d5 4. e5 Bg7 5. Nf3 Bg4 6. Be2 Qb6 7. 0-0 e6 8. Na4 Qc7 9. b3 b5 10. Nc5 Nd7 11. Nd3 Ne7 12. Ba3 1/2-1/2

[Event "Mecklenburg VP-ch MT"]
[Site "Greifswald"]
[Date "2015.05.02"]
[Round "6.4"]
[White "Moeller, Peter"]
[Black "Nauschuetz, Ernst"]
[Result "1-0"]
[WhiteElo "2056"]
[BlackElo "2017"]
[PlyCount "133"]
[EventDate "2015.04.30"]
[EventType "swiss"]
[EventRounds "7"]
[EventCountry "GER"]
[SourceTitle "EXT 2023"]
[Source "ChessBase"]
[SourceDate "2022.10.05"]
[SourceVersion "1"]
[SourceVersionDate "2022.10.05"]
[SourceQuality "1"]

1. d4 Nf6 2. Bf4 e6 3. e3 c5 4. c3 d5 5. Nf3 Bd6 6. Ne5 0-0 7. Nd2 Qc7 8. Bd3 Nc6 9. Ndf3 g6 10. h3 Nd7 11. Nxd7 Bxd7 12. Bh6 Rfe8 13. 0-0 e5 14. dxe5 Nxe5 15. Be2 Bc6 16. Nxe5 Bxe5 17. Bf3 Rad8 18. Qc1 Bg7 19. Bxg7 Kxg7 20. Rd1 Rd7 21. b4 b6 22. Qb2 f6 23. Rd2 Red8 24. Rad1 Qe5 25. Qb3 c4 26. Qc2 f5 27. Rd4 Kf6 28. a4 Rd6 29. Be2 a6 30. R1d2 b5 31. a5 Be8 32. Qd1 Bf7 33. Bf3 R8d7 34. g3 Ke7 35. Re2 Kd8 36. Bg2 Kc7 37. Red2 Kc6 38. Qf3 g5 39. Qe2 Re7 40. g4 f4 41. e4 Kc7 42. Qd1 Qh8 43. Bf3 Qe8 44. Bg2 h5 45. Bf3 hxg4 46. hxg4 Rh6 47. Bg2 Rh4 48. f3 Rh6 49. Kf2 Bg8 50. exd5 Kd6 51. Re4 Rxe4 52. fxe4 Qe5 53. Qf3 Bh7 54. Re2 Bg6 55. Kf1 Kd7 56. Qf2 Bf7 57. Qa7+ Ke8 58. Qd4 Qh8 59. Qxh8+ Rxh8 60. Kf2 Ke7 61. e5 Rb8 62. Be4 Be8 63. Kf3 Kf8 64. Rh2 Kg7 65. Rh7+ Kg8 66. Ra7 Bf7 67. e6 1-0

[Event "Mecklenburg VP-ch MT"]
[Site "Greifswald"]
[Date "2015.05.01"]
[Round "4.2"]
[White "Moeller, Peter"]
[Black "Schulz, Karsten"]
[Result "0-1"]
[WhiteElo "2056"]
[BlackElo "2313"]
[PlyCount "82"]
[EventDate "2015.04.30"]
[EventType "swiss"]
[EventRounds "7"]
[EventCountry "GER"]
[SourceTitle "EXT 2023"]
[Source "ChessBase"]
[SourceDate "2022.10.05"]
[SourceVersion "1"]
[SourceVersionDate "2022.10.05"]
[SourceQuality "1"]

1. d4 c5 2. c3 Qa5 3. dxc5 Qxc5 4. Nf3 Nf6 5. g3 g6 6. Bg2 Bg7 7. 0-0 0-0 8. Nbd2 Qc7 9. e4 d6 10. Re1 Nbd7 11. Qe2 b6 12. e5 dxe5 13. Nxe5 Bb7 14. Nxd7 Qxd7 15. Bxb7 Qxb7 16. Qxe7 Qc6 17. Qe2 Rfe8 18. Qf1 Rxe1 19. Qxe1 Re8 20. Qf1 Ng4 21. Nb3 Qf3 22. h3 Nxf2 23. Bf4 Re2 24. Qg2 Qxg2+ 25. Kxg2 Rxb2 26. Kf3 Nxh3 27. Bb8 Ng5+ 28. Ke3 Bxc3 29. Rc1 Bf6 30. Rc8+ Kg7 31. Nc1 a5 32. a4 Ne6 33. Bd6 h5 34. Ba3 Rg2 35. Kf3 Rd2 36. Rb8 Rc2 37. Ne2 Ra2 38. Bc1 Rxa4 39. Rxb6 Nd4+ 40. Nxd4 Bxd4 41. Rd6 Be5 0-1

[Event "Mecklenburg VP-ch MT"]
[Site "Greifswald"]
[Date "2015.04.30"]
[Round "1.7"]
[White "Moeller, Peter"]
[Black "Schreiber, Felix"]
[Result "1-0"]
[WhiteElo "2056"]
[BlackElo "1922"]
[PlyCount "89"]
[EventDate "2015.04.30"]
[EventType "swiss"]
[EventRounds "7"]
[EventCountry "GER"]
[SourceTitle "EXT 2023"]
[Source "ChessBase"]
[SourceDate "2022.10.05"]
[SourceVersion "1"]
[SourceVersionDate "2022.10.05"]
[SourceQuality "1"]

1. d4 d5 2. Bf4 e6 3. e3 Bd6 4. Bxd6 Qxd6 5. Qg4 g6 6. Nd2 Bd7 7. Bd3 Nc6 8. c3 e5 9. Qg3 Nf6 10. f3 Nh5 11. Qf2 f5 12. Ne2 exd4 13. exd4 0-0-0 14. 0-0-0 Rhe8 15. g3 Re7 16. Rhe1 Rde8 17. Ng1 f4 18. g4 Nf6 19. Rxe7 Qxe7 20. Nf1 g5 21. h4 h6 22. Bg6 Rg8 23. Re1 Qd8 24. h5 Ne7 25. Bc2 Re8 26. Kd2 Nc6 27. Rxe8 Qxe8 28. Qe2 Qxe2+ 29. Nxe2 Kd8 30. Nc1 Ke7 31. Nd3 Kd6 32. b4 a6 33. Bd1 Be8 34. Nc5 b6 35. Nxa6 Na7 36. a4 b5 37. a5 Kc6 38. Nc5 Kd6 39. Ke1 c6 40. Nd2 Nd7 41. Ndb3 Nxc5 42. dxc5+ Ke5 43. Bc2 Nc8 44. Nd4 Bd7 45. Bf5 1-0

[Event "Mecklenburg VP VL 1415"]
[Site "Mecklenburg VP"]
[Date "2015.04.26"]
[Round "9.1"]
[White "Moeller, Peter"]
[Black "Ispirjan, Mikael"]
[Result "1-0"]
[WhiteElo "2001"]
[BlackElo "1980"]
[PlyCount "121"]
[EventDate "2014.09.21"]
[EventType "team-tourn"]
[EventRounds "9"]
[EventCountry "GER"]
[SourceTitle "EXT 2022"]
[Source "ChessBase"]
[SourceDate "2021.10.06"]
[SourceVersion "1"]
[SourceVersionDate "2021.10.06"]
[SourceQuality "1"]
[WhiteTeam "Rostock HSG Uni"]
[BlackTeam "Torgelow Droegeheide"]
[WhiteTeamCountry "GER"]
[BlackTeamCountry "GER"]

1. e4 c6 2. d4 d5 3. exd5 cxd5 4. Bd3 Nf6 5. c3 Nc6 6. Bf4 Bg4 7. Qb3 Qc8 8. Nd2 e6 9. Ngf3 Be7 10. 0-0 0-0 11. Rae1 a6 12. Bg5 Bh5 13. Ne5 Bg6 14. Nxg6 hxg6 15. Nf3 b5 16. Ne5 b4 17. Nxc6 Qxc6 18. c4 dxc4 19. Bxc4 Ra7 20. Bxe6 Qb5 21. Bxf6 Bxf6 22. Bc4 Qb6 23. d5 Rc7 24. Re2 Rfc8 25. Bd3 a5 26. a4 Bd4 27. Bb5 Rc1 28. Bc6 Qc5 29. g3 Rd8 30. Rxc1 Qxc1+ 31. Kg2 Rd6 32. Qc2 Qg5 33. Qe4 Qf6 34. b3 g5 35. Qg4 g6 36. Qf3 Qf5 37. Qe4 Qf6 38. Rd2 Bc3 39. Rd3 Kg7 40. Rf3 Qe5 41. Qxe5+ Bxe5 42. Re3 f6 43. Re4 Rd8 44. h3 Kf7 45. Kf3 Rc8 46. Ke3 Rh8 47. Bd7 Rb8 48. h4 gxh4 49. Rxh4 f5 50. Rh7+ Bg7 51. Kd3 Kf6 52. Kc4 g5 53. f4 Kg6 54. Bxf5+ Kxf5 55. Rxg7 gxf4 56. Rf7+ Ke5 57. gxf4+ Ke4 58. Re7+ Kxf4 59. d6 Rc8+ 60. Kb5 Rc3 61. d7 1-0

[Event "Mecklenburg VP VL 1415"]
[Site "Mecklenburg VP"]
[Date "2015.04.12"]
[Round "8.1"]
[White "Dettmann, Gerd"]
[Black "Moeller, Peter"]
[Result "1/2-1/2"]
[WhiteElo "2139"]
[BlackElo "2001"]
[PlyCount "73"]
[EventDate "2014.09.21"]
[EventType "team-tourn"]
[EventRounds "9"]
[EventCountry "GER"]
[SourceTitle "EXT 2022"]
[Source "ChessBase"]
[SourceDate "2021.10.06"]
[SourceVersion "1"]
[SourceVersionDate "2021.10.06"]
[SourceQuality "1"]
[WhiteTeam "Guestrow/Teterow"]
[BlackTeam "Rostock HSG Uni"]
[WhiteTeamCountry "GER"]
[BlackTeamCountry "GER"]

1. e4 c6 2. d4 d5 3. exd5 cxd5 4. Nf3 Nc6 5. Ne5 Nf6 6. c3 e6 7. Bd3 Bd6 8. Qe2 Qc7 9. Nxc6 bxc6 10. Bg5 Be7 11. Nd2 a5 12. 0-0 Ne4 13. Be3 Nxd2 14. Bxd2 Qa7 15. Qg4 Bf6 16. Bg5 Qe7 17. Bxf6 Qxf6 18. Rae1 Ba6 19. Bxa6 Rxa6 20. f4 0-0 21. f5 exf5 22. Rxf5 Qd6 23. Rfe5 Rb6 24. R1e2 a4 25. Qf5 Qg6 26. Qxg6 hxg6 27. Re8 f5 28. Kf2 Rxe8 29. Rxe8+ Kf7 30. Re2 g5 31. Ke3 Kf6 32. Kd3 f4 33. h3 g4 34. hxg4 Kg5 35. c4 Kxg4 36. Kc3 g5 37. b4 1/2-1/2

[Event "Mecklenburg VP VL 1314"]
[Site "Mecklenburg VP"]
[Date "2014.03.16"]
[Round "7.2"]
[White "Moeller, Peter"]
[Black "Zentgraf, Robert"]
[Result "0-1"]
[WhiteElo "1965"]
[BlackElo "2076"]
[PlyCount "94"]
[EventDate "2013.10.20"]
[EventType "team-tourn"]
[EventRounds "9"]
[EventCountry "GER"]
[SourceTitle "EXT 2022"]
[Source "ChessBase"]
[SourceDate "2021.10.06"]
[SourceVersion "1"]
[SourceVersionDate "2021.10.06"]
[SourceQuality "1"]
[WhiteTeam "Rostock HSG Uni"]
[BlackTeam "Torgelow Droegeheide"]
[WhiteTeamCountry "GER"]
[BlackTeamCountry "GER"]

1. e4 c5 2. d3 Nc6 3. g3 d5 4. Nd2 Nf6 5. Bg2 g6 6. Ngf3 Bg7 7. 0-0 0-0 8. Re1 dxe4 9. dxe4 Be6 10. c3 h6 11. Qc2 Rc8 12. Nf1 Qa5 13. Be3 Rfd8 14. Qc1 Kh7 15. N1d2 c4 16. h3 Nd7 17. Bd4 Nde5 18. Nxe5 Nxd4 19. cxd4 Bxe5 20. d5 c3 21. bxc3 Rxc3 22. Qd1 Bc8 23. Nb3 Qb6 24. Kf1 Bd7 25. Bf3 Bxh3+ 26. Bg2 Qb5+ 27. Kg1 Qd7 28. Rc1 Rdc8 29. Rxc3 Rxc3 30. Kh2 Bxg2 31. Kxg2 Qc7 32. Qg4 h5 33. Qg5 Rc2 34. Rc1 Bf6 35. Qe3 Rxc1 36. Nxc1 Qc2 37. Nd3 Qxa2 38. Kh3 Qa1 39. Kg2 Qd4 40. Qf3 Kg7 41. Qe2 Be5 42. f4 Bc7 43. Qf3 Bb6 44. e5 Qe3 45. d6 Qxf3+ 46. Kxf3 exd6 47. exd6 Kf6 0-1